Central Library OPAC University of Rajshahi

মোজাফ্‌ফরনামা ও নওবাহার-ই-মুর্শিদকুলী খানি : (Record no. 65405)

MARC details
000 -LEADER
fixed length control field 01614nam a2200265 a 4500
001 - CONTROL NUMBER
control field 65405
003 - CONTROL NUMBER IDENTIFIER
rucl marc code BD-RjUL
005 - DATE AND TIME OF LATEST TRANSACTION
control field 20211209081425.0
008 - FIXED-LENGTH DATA ELEMENTS--GENERAL INFORMATION
fixed length control field 170306s1998 bg |||| |||| 001 0 ben d
020 ## - INTERNATIONAL STANDARD BOOK NUMBER
International Standard Book Number 984073747
035 ## - SYSTEM CONTROL NUMBER
System control number (BD-RjUL)65535
040 ## - CATALOGING SOURCE
Original cataloging agency BD-RjUL
Language of cataloging eng
Transcribing agency BD-RjUL
041 ## - LANGUAGE CODE
Language code of text/sound track or separate title eng
082 ## - DEWEY DECIMAL CLASSIFICATION NUMBER
Edition number 23
Classification number 891.4409
Author mark and year KHM 1998
100 1# - MAIN ENTRY--PERSONAL NAME
Personal name খান, করম আলী
9 (RLIN) 193556
245 10 - TITLE STATEMENT
Title মোজাফ্‌ফরনামা ও নওবাহার-ই-মুর্শিদকুলী খানি :
Remainder of title কলিকাতা এশিয়াটিক সোসাইটি কর্তৃক প্রকাশিত ও স্যার যদুনাথ সরকার কর্তৃক সম্পাদিত বেঙ্গল নওয়াবস গ্রন্থ অবলম্বনে /
Statement of responsibility, etc. করম আলি খান ও আজাদ-আল-হোসায়নি; উনুবাদ, সম্পাদনা ও টীকা আবুল কালাম মোহাম্মদ যাকারিয়া.
260 ## - PUBLICATION, DISTRIBUTION, ETC. (IMPRINT)
Place of publication, distribution, etc. ঢাকা :
Name of publisher, distributor, etc. বাংলা একাডেমী,
Date of publication, distribution, etc. ১৯৯৮ [১৪০৪]
300 ## - PHYSICAL DESCRIPTION
Pagination ১৬০ পৃ. :
Illustrations চিত্র;
Size ২২ সে. মি.
500 ## - GENERAL NOTE
General note নির্ঘন্ট সংবলিত.
651 ## - SUBJECT ADDED ENTRY--GEOGRAPHIC NAME
Geographic name বাংলা (ভারত)
Form subdivision ইতিহাস
9 (RLIN) 194897
Geographic name Bengal (India)
Form subdivision History
9 (RLIN) 194345
700 ## - ADDED ENTRY--PERSONAL NAME
Personal name আজাদ-আল-হোসায়নি
Personal name যাকারিয়া, আবুল কালাম মোহাম্মদ
942 ## - ADDED ENTRY ELEMENTS (KOHA)
Source of classification or shelving scheme Dewey Decimal Classification
Koha item type Books
Holdings
Lost status Source of classification or shelving scheme Damaged status Not for loan Collection code Permanent Location Current Location Shelving location Date acquired Source of acquisition Cost, normal purchase price Total Checkouts Full call number Date last seen Copy number Koha item type
  Dewey Decimal Classification   Not For Loan Non-fiction Central Library, University of Rajshahi Central Library, University of Rajshahi Reading Room 21/07/2012 Dhaka, Bangla Academy. 80.00   B 954.14 KHM 1998 06/03/2017 C-1 Books